京都の通り歌に出てくる通り - Statistics

General Stats
  • This quiz has been taken 148 times
  • The average score is 19 of 60
Answer Stats
Hint Answer % Correct
三条
90%
四条
90%
五条
84%
二条
82%
丸太町
78%
御池
73%
九条
73%
六角
70%
七条
70%
六条
67%
八条
67%
烏丸
67%
十条
64%
姉小路
62%
蛸薬師
51%
綾小路
47%
堀川
44%
錦小路
43%
大宮
40%
松原
39%
押小路
37%
千本
37%
仏光寺
34%
寺町
34%
竹屋町
29%
高倉
28%
西洞院
28%
東洞院
26%
夷川
25%
高辻
22%
東寺
21%
室町
21%
新町
19%
油小路
19%
麩屋町
18%
御幸町
17%
柳馬場
17%
富小路
16%
猪熊
16%
万寿寺
15%
堺町
12%
小川
12%
魚棚
11%
車屋町
11%
鍵屋町
10%
両替町
10%
釜座
10%
智恵光院
10%
三哲
9%
松屋町
9%
日暮
9%
浄福寺
9%
間之町
8%
醒ヶ井
8%
衣棚
7%
黒門
7%
葭屋町
4%
雪駄屋町
3%
裏門
2%
土屋町
2%
No matching quizzes found
Score Distribution
Percent of People with Each Score
Percentile by Number Answered
Your Score History
You have not taken this quiz